[Event "Kropotkin"]
[Site "Kropotkin"]
[Date "1995.??.??"]
[Round "2"]
[White "Tseshkovsky, Vitaly"]
[Black "Lputian, Smbat G"]
[Result "1-0"]
[WhiteElo "2530"]
[BlackElo "2630"]
[Annotator "Dolmatov,S"]
[PlyCount "109"]
[EventDate "1995.04.??"]
[EventType "tourn"]
[EventRounds "7"]
[EventCountry "RUS"]
[EventCategory "14"]
[SourceTitle "CBM 047"]
[Source "ChessBase"]
[SourceDate "1995.08.01"]
[SourceVersion "1"]
[SourceVersionDate "1995.08.01"]
[SourceQuality "1"]

1. e4 e6 2. d4 d5 3. Nc3 Nf6 4. Bg5 Be7 $6 5. e5 Ne4 (5... Nfd7 6. Bxe7 Qxe7 7.
f4 O-O 8. Nf3 $14) 6. Nxe4 dxe4 (6... Bxg5 7. Nxg5 Qxg5 8. Nf3 Qe7 9. c3 c5 10.
dxc5 Qxc5 11. Bd3 $14) 7. Bxe7 Qxe7 8. Qe2 (8. c3 O-O 9. Qg4 f5 10. exf6 Qxf6
11. O-O-O Qh6+ 12. Kb1 e5 13. Qg3 exd4 14. Bc4+ Be6 $10 {Capablanka,
H-Tartakover,S/Budapest/1929/}) 8... b6 9. O-O-O Bb7 10. g3 (10. f3 $6 exf3 11.
Nxf3 Nc6 12. c3 O-O $132) 10... c5 11. Bg2 Nc6 (11... cxd4 12. Bxe4 Nc6 13. f4
O-O 14. Nf3 $16) 12. dxc5 (12. Bxe4 $2 Nxd4 13. Rxd4 cxd4 14. Qb5+ Kf8 $17) (
12. Qxe4 $6 Na5 $15) 12... O-O (12... Qg5+ $5 13. Kb1 Qxe5 14. Bxe4 Qxc5 15.
Nf3 Ke7 $5 $14) 13. Bxe4 Nxe5 14. f4 $1 (14. cxb6 axb6 15. Kb1 Rfc8 $132) 14...
Bxe4 $8 15. Qxe4 Ng4 16. Qf3 Nf6 17. c6 (17. cxb6 axb6 18. Kb1 Nd5 19. Ne2 $16)
17... Rac8 18. Ne2 Qc5 19. Nd4 Nd5 (19... Rfd8 $5 20. c3 $5 (20. Nb3 Qc4 21.
Rxd8+ Rxd8 22. Rd1 Rxd1+ 23. Kxd1 Nd5 $132) 20... g6 $16) 20. Rhe1 Rfd8 21. f5
$1 $16 exf5 22. Re5 $18 (22. Nxf5 $2 Qxc6) 22... g6 23. Nxf5 Qxc6 (23... gxf5
24. Rexd5 Rxd5 25. Qxd5 $18) 24. c3 (24. Nh6+ $2 Kg7 25. Qxf7+ Kxh6 $19) 24...
gxf5 25. Rexd5 Qh6+ 26. Qf4 $2 (26. Kb1 Rxd5 27. Rxd5 Re8) (26. R1d2 $5 Rxd5
27. Qxd5 Re8 (27... f4) 28. Qxf5 Rd8 29. Qf4 $18) 26... Qxf4+ 27. gxf4 Rxd5 28.
Rxd5 Rc6 29. Rxf5 Rh6 30. Rg5+ Kf8 31. Rg2 Rh4 32. Rf2 $14 Ke7 33. Kd2 Kf6 $6 (
33... f5 34. Ke3 Kd6 35. Kd4 $16) (33... Ke6 $5 34. Ke3 Kd5 35. Kf3 f5 $132)
34. Ke3 Kf5 35. a4 Rg4 (35... a5 36. b4 Rh3+ 37. Kd4 axb4 38. cxb4 Ra3 39. Kc4
Rxa4 40. Kb5 $18) 36. a5 bxa5 (36... Rg1 37. axb6 axb6 38. Kd4 Rd1+ 39. Kc4 Ke4
40. f5 $18) 37. b3 Rh4 38. Ra2 Rh3+ 39. Kd4 Kxf4 (39... a4 $5 40. Rxa4 Kxf4 41.
Rxa7 f5 42. b4 $18) 40. Rf2+ Kg5 (40... Rf3 41. Rxf3+ Kxf3 42. c4 Kg4 43. c5
Kf5 44. Kd5 Kf6 45. Kd6 $18) 41. Rxf7 Rh4+ 42. Kd5 Rxh2 43. Rxa7 Kf6 44. c4
Rh5+ 45. Kd6 Rh3 46. Rxa5 Rxb3 47. Rd5 Rb8 48. Kd7 Rb7+ 49. Kc6 Rb8 50. c5 Rh8
51. Kd7 h5 52. c6 Rh7+ 53. Kd6 h4 54. c7 Rh8 55. Kd7 (55. Kd7 h3 56. c8=Q Rxc8
57. Kxc8 Kg6 58. Kd7 h2 59. Rd1 Kg5 60. Rh1 $18) 1-0

[Event "Horgen-B"]
[Site "Horgen"]
[Date "1995.??.??"]
[Round "6"]
[White "Almasi, Zoltan"]
[Black "Zueger, Beat"]
[Result "1-0"]
[WhiteElo "2630"]
[BlackElo "2470"]
[Annotator "Donev,I"]
[PlyCount "159"]
[EventDate "1995.10.??"]
[EventType "tourn"]
[EventRounds "9"]
[EventCountry "SUI"]
[EventCategory "11"]
[SourceTitle "CBM 050"]
[Source "ChessBase"]
[SourceDate "1996.02.01"]
[SourceVersion "1"]
[SourceVersionDate "1996.02.01"]
[SourceQuality "1"]

1. e4 e6 2. d4 d5 3. Nc3 Nf6 4. Bg5 Be7 5. e5 Nfd7 6. Bxe7 Qxe7 7. f4 O-O 8.
Nf3 c5 9. Qd2 Nc6 10. dxc5 Qxc5 11. O-O-O Nb6 12. Kb1 (12. Nd4 Bd7 13. Kb1 Rac8
14. Be2 Nxd4 15. Qxd4 Qa5 16. Rhf1 Nc4 17. Rf3 b5 18. Bxc4 Rxc4 19. Qd2 b4 20.
Ne2 Rfc8 21. Nd4 Qc7 22. Rd3 a5 23. Re1 a4 24. g4 h6 25. h4 Qa7 26. h5 Ra8 27.
g5 hxg5 28. f5 exf5 29. Qxg5 Rxd4 30. Rg3 g6 31. hxg6 Rg4 32. Rxg4 fxg4 33.
gxf7+ Kf8 34. Qh6+ Kxf7 35. Qf6+ {1-0 Wedberg,T-Kortschnoj,V/Haninge ;CBM 08
1988}) 12... Bd7 (12... Nc4 13. Bxc4 Qxc4 14. Nd4 Bd7 15. b3 Qc5 16. Nxc6 Bxc6
17. Qd4 b6 18. Rhf1 Rad8 19. Rf3 f5 20. Ne2 Bb5 21. Nc3 Be8 22. Rh3 Rc8 23. Rd2
Rf7 24. Ne2 Rfc7 25. Qe3 a5 26. Nd4 Bd7 27. a4 Qb4 28. g4 Bxa4 29. gxf5 exf5
30. e6 Be8 31. Nxf5 a4 32. e7 axb3 33. c3 Rxc3 34. Qe6+ Kh8 35. Rd1 Qa3 $22 {
0-1 Pasman,M-Kortschnoj,V/Beersheba (01) ;MCL 01 1984}) 13. Bd3 (13. h4 Rac8
14. h5 Na5 15. Qd4 Nac4 16. Qxc5 Rxc5 17. h6 g6 18. Bxc4 Nxc4 19. Ng5 Nb6 20.
Ne2 a5 21. Nd4 Nc4 22. Rhe1 b5 23. Ndf3 b4 24. g3 Rfc8 25. Re2 Bb5 26. Rde1 a4
27. Nd4 Na5 {1/2-1/2 Magem Badals,J-Kortschnoj,V/Barcelona ;CBM 30 1992}) 13...
Nb4 (13... Rac8 14. Bxh7+ Kxh7 15. Ng5+ Kg8 16. Qd3 Rfe8 17. Qh7+ Kf8 18. Qh5
Ke7 19. Nxf7 Na5 20. Nd6 {1/2-1/2 Sax,G-Timman,J/Rotterdam WCup ;CBM 13 1989})
(13... Na5 14. Qe2 a6 15. Nd4 Nac4 16. Bxc4 Nxc4 17. Nb3 Qc7 18. Rd3 a5 19. Qf2
b5 20. Qc5 Qd8 21. Rhd1 Rc8 22. Qf2 a4 23. Ne4 f5 24. exf6 dxe4 25. Rxd7 Qxf6
26. Nd4 Rfd8 27. Rxd8+ Rxd8 28. Qg1 e3 29. c3 Qxf4 30. Nc2 Nd2+ 31. Ka1 e2 32.
Re1 Nf1 33. Nd4 Qd2 {0-1 Madl,I-Matveeva,S/Belgrade-W (09) ;EXT 94 1994}) 14.
a3 a5 15. Rhf1 Rfc8 16. Qf2 Nxd3 17. cxd3 Na4 18. Nxa4 Bxa4 19. Qxc5 Rxc5 20.
Rc1 b6 21. Nd4 Rac8 22. b3 Bd7 23. Kb2 Kf8 24. Rce1 Ke7 25. Re3 h5 26. Rh3 g6
27. Re3 R5c7 28. Re2 Rc3 29. Rd1 R3c7 30. g3 Rg8 31. Rf1 Rgc8 32. Rd2 Be8 33.
Rc2 Rc5 34. Rfc1 Bd7 35. Rf1 Be8 36. Rff2 Bd7 37. Kc1 R8c7 38. Kd2 Rc8 39. Rf1
Ra8 40. Rfc1 Rac8 41. Nf3 Kd8 42. Ng5 Rxc2+ (42... Ke7 43. Rxc5 bxc5 (43...
Rxc5 44. Rxc5 bxc5 45. d4) 44. d4 c4 45. bxc4 dxc4 46. Ne4) 43. Rxc2 Rxc2+ 44.
Kxc2 Ke7 45. Kc3 Bb5 46. Nf3 Kd7 47. Ne1 Kc6 48. Nc2 Kc7 49. b4 Ba4 50. Nd4 Kd7
51. Nf3 Kc7 52. Ng5 Be8 53. Nh7 Ba4 54. Nf6 Bb5 55. bxa5 bxa5 56. f5 $1 Kb6 57.
fxg6 fxg6 58. Nh7 Be8 59. Nf8 Bf7 60. h4 Kb5 61. d4 Ka4 62. Kb2 Kb5 63. Kb3 Kb6
64. Nd7+ Kb5 65. Nc5 Kb6 66. Kc3 Kc6 67. Nd3 Kb5 68. Nb2 Kc6 69. Kd2 Kd7 70.
Ke3 Ke7 71. Kf4 Be8 72. Kg5 Kf7 73. Nd3 Ba4 74. Nc5 Bc2 75. Nb7 a4 76. Kh6 Kf8
77. Nc5 Kf7 78. Kg5 Bb3 79. Kf4 Bd1 80. Ke3 1-0

[Event "World Cup"]
[Site "Reykjavik"]
[Date "1991.??.??"]
[Round "14"]
[White "Ljubojevic, Ljubomir"]
[Black "Seirawan, Yasser"]
[Result "1-0"]
[WhiteElo "2600"]
[BlackElo "2615"]
[Annotator "Ernst,T"]
[PlyCount "101"]
[EventDate "1991.09.??"]
[EventType "tourn"]
[EventRounds "15"]
[EventCountry "ISL"]
[EventCategory "16"]
[SourceTitle "CBM 026"]
[Source "ChessBase"]
[SourceDate "1992.02.01"]
[SourceVersion "1"]
[SourceVersionDate "1992.02.01"]
[SourceQuality "1"]

1. e4 e6 2. d4 d5 3. Nc3 Nf6 4. Bg5 Be7 5. e5 Nfd7 6. Bxe7 Qxe7 7. f4 a6 8. Nf3
c5 9. dxc5 Nc6 10. Qd2 Nxc5 11. Bd3 O-O 12. Qe3 f5 13. exf6 Nxd3+ 14. Qxd3 Qxf6
15. g3 Bd7 16. Ng5 Qf5 17. Qxf5 Rxf5 18. O-O-O Rd8 19. Ne2 $1 $14 Rf6 20. h4
Be8 21. h5 h6 22. Nf3 Rf5 23. g4 Rf6 24. Nh4 e5 25. f5 d4 26. Ng3 Rf7 27. Rhe1
Rc7 28. Nf3 Rd5 29. c4 Na5 30. b3 b5 31. Rxe5 Rxe5 32. Nxe5 bxc4 33. b4 Nc6 34.
Nxc6 Bxc6 35. Rxd4 $18 {Weiss hat einen Bauern gewonnen und steht auf Gewinn.}
Bf3 36. Rf4 Bd5 37. Ne2 c3 38. a3 c2 39. Kb2 Bc4 40. Nc1 Bb5 41. Nb3 Re7 42.
Nd4 Ba4 43. Ne6 Kf7 44. Rd4 Ra7 45. Nc5 Rc7 46. Kc1 Bb5 47. a4 (47. Kxc2 $18)
47... Be8 48. Nxa6 Rc3 49. b5 Kf6 50. b6 Ke5 51. Rb4 1-0

[Event "RUS-chT 07th"]
[Site "Smolensk"]
[Date "2000.04.23"]
[Round "9"]
[White "Loskutov, Oleg"]
[Black "Chuprikov, Dmitry"]
[Result "1-0"]
[WhiteElo "2380"]
[BlackElo "2365"]
[Annotator "Finkel,A"]
[PlyCount "39"]
[EventDate "2000.04.15"]
[EventType "team-tourn"]
[EventRounds "11"]
[EventCountry "RUS"]
[SourceTitle "CBM 077"]
[Source "ChessBase"]
[SourceDate "2000.07.27"]
[SourceVersion "1"]
[SourceVersionDate "2000.07.27"]
[SourceQuality "1"]
[WhiteTeam "Tomsk Politekhnik-Yantar"]
[BlackTeam "Voronezh OShK"]
[WhiteTeamCountry "RUS"]
[BlackTeamCountry "RUS"]

1. e4 e6 2. d4 d5 3. Nc3 Nf6 4. Bg5 Be7 5. e5 Nfd7 6. h4 c5 {Possible
continuation,but I think that the main line arising after} (6... Bxg5 {
promises black easier way to equality.}) 7. Bxe7 Kxe7 8. Qg4 (8. dxc5 $5 Nxe5)
(8. f4 cxd4 9. Qxd4 Qb6 10. Qxb6 Nxb6 11. h5 h6 12. Nf3 Bd7 13. Nb5 Nc6 14. b3
a6 15. Nbd4 Nxd4 16. Nxd4 Nc8 $1 17. Kd2 Na7 $10 {Nunn,J-Seirawan,Y/Cannes/
1992/} (17... Na7 18. c3 $14 {Nunn,J-Seirawan,Y/Cannes team60 1992})) (8. Nf3
cxd4 9. Qxd4 Nc6 10. Qf4 Qc7 11. O-O-O Ndxe5 12. Kb1 Qb8 13. Bb5 Nxf3 14. Qxf3
a6 $132 {Kovalev,A-Dreev,A/URS-FL56 1988}) 8... Kf8 (8... Nc6 9. Qg5+ (9. dxc5
Ndxe5 10. Qxg7 Rg8 $6 11. Qxh7 Bd7 12. O-O-O $16 {Benjamin,J-Seirawan,Y/Los
Angeles/1991/1:0/42/}) 9... Kf8 10. Qxd8+ Nxd8 11. f4 b6 $1 (11... cxd4 12. Nb5
f6 13. exf6 gxf6 14. Nxd4 Nc5 15. Ngf3 Nf7 16. c4 $1 $14 {Vogt,L-Crouch,C/Zenk/
1991/1:0/40/}) 12. Nf3 Nc6 13. O-O-O Ke7 14. Bb5 Bb7 15. h5 h6 $13 {Situru,
N-Huebner,R/Erevan olm 1996}) 9. Nf3 cxd4 10. Nb5 (10. Qxd4 Qb6 11. Qf4 Qxb2
12. Kd2 Nc6 13. Rb1 Qa3 14. Bd3 a6 15. h5 Qe7 $13 {Skrebnevskis,R-Oms Pallise,
J/EU-chJ U18 1993}) 10... Nc6 11. Qf4 Qa5+ {Depriving white the possibility to
castle.} 12. Kd1 Qb6 13. g4 $5 h6 $5 (13... Kg8 14. g5 a6 15. Nd6 Nd8 16. Rb1
$36 {[%cal Gh4h6,Gf1d3]}) 14. Rg1 g5 $2 {This move is based on miscalculation,
which evantually costs black the game.} 15. hxg5 hxg5 16. Qxg5 a6 17. Nd6 Ncxe5
$2 {The idea behind 14...g5.Unfortunately white has extremly simple and
sufficient refutation!} (17... Qxb2 18. Rc1 d3 19. Bxd3 (19. Qf4 Ndxe5 20. Nxe5
Nxe5 21. cxd3 Bd7) 19... Ndxe5 (19... Ncxe5 20. Nxe5 Nxe5 (20... Qxe5 21. Qd8+
Kg7 22. Qxh8+ $1 $18) 21. Qf6 $1 {[%csl Rf7,Rh8][%cal Gf6b2]} Rg8 22. Nxf7 $1
$18) 20. Qf6 $1 Kg8 21. Nxe5 Nxe5 22. Nf5 $1 $18 {[%cal Gg1g8]}) 18. Nxe5 Qxd6
19. Qd8+ Kg7 20. Qxh8+ $1 1-0

[Event "Petrov Memorial op"]
[Site "St Petersburg"]
[Date "2000.02.16"]
[Round "9"]
[White "Loskutov, Oleg"]
[Black "Iljushin, Alexei"]
[Result "0-1"]
[WhiteElo "2380"]
[BlackElo "2515"]
[Annotator "Finkel,A"]
[PlyCount "90"]
[EventDate "2000.02.05"]
[EventType "swiss"]
[EventRounds "9"]
[EventCountry "RUS"]
[SourceTitle "CBM 076"]
[Source "ChessBase"]
[SourceDate "2000.05.31"]
[SourceVersion "1"]
[SourceVersionDate "2000.05.31"]
[SourceQuality "1"]

1. e4 e6 2. d4 d5 3. Nc3 Nf6 4. Bg5 Be7 5. e5 Nfd7 6. h4 $5 {I don't
understand the reason why white keeps on playing this variation,because there
are quiet a few ways for black to reach very comfortable equality,and one of
them was shown in this game.} Bxg5 7. hxg5 Qxg5 8. Nh3 Qe7 9. Nf4 g6 (9... Nc6
10. Qg4 g6 11. O-O-O h5 12. Qg3 Nb6 13. Nh3 Bd7 14. Ng5 O-O-O 15. f4 Kb8 $17 {
Mirumian,V-Stojanovic,M/EU-chJM U18 1995}) 10. Qg4 Nb6 11. Rh6 (11. Bd3 Bd7 12.
Rh6 Nc6 13. O-O-O O-O-O 14. Rdh1 Qb4 15. Nfe2 Nxe5 $17 {Ciuksyte,D-Kiseleva,N/
Frydek-Mistek W 1997}) 11... Bd7 12. O-O-O Nc6 13. Bb5 $5 (13. Qh3 O-O-O 14.
Rxh7 Rxh7 15. Qxh7 g5 16. Nh5 f5 17. Qxe7 Nxe7 {1/2-1/2 Pekar,K-Majercik,P/
SVK-chT 1994}) 13... Nb4 $5 {The idea to keep the knight and to get rid of the
bishop seems very logical and it proves in the game.} (13... O-O-O 14. Bxc6
Bxc6 15. Rdh1 Nc4 16. a3 b6 17. Rxh7 Rxh7 18. Rxh7 $14 {Sax,G-Kovacevic,V/
Vinkovci 1993}) 14. Bxd7+ Nxd7 15. Rdh1 Nf8 16. a3 Na6 17. Nb5 $5 Qd7 (17...
Nb8 $2 {[%cal Ga7a6]} 18. Nxd5 $1 exd5 19. Qc8+ Qd8 20. Nxc7+ Ke7 21. Qxb7 $18)
18. a4 $5 (18. Qe2 $6 Nb8 19. R1h3 a6 20. Nc3 Nc6 $15) 18... Nb4 19. Nh5 $1 {
Otherwise white will just be a pawn down.} gxh5 20. Qg7 a6 21. Nc3 Ng6 (21...
c5 $6 22. Qxh8 cxd4 23. Rh4 $1 Qe7 24. Qf6 $1 $14) 22. Rxg6 Rf8 $1 (22... O-O-O
23. Rf6 Rdg8 24. Qxf7 Qxf7 25. Rxf7 Rxg2 26. Rxh5 Nc6 27. Ne2 $14) 23. Rh6 c5
$5 24. Rh4 (24. dxc5 Qc6 $1 {[%cal Gd5d4]} (24... d4 $2 25. Ne4 Qxa4 26. Rxe6+
$1 Kd7 (26... fxe6 27. Nd6+ Kd8 28. Nxb7+ Kc8 29. Nd6+ Kd8 30. Qxf8+ Kd7 31.
Qf7+ Kd8 32. Qg8+ Kd7 33. Qxh7+ $18 {[%cal Gh7c2]})) 25. Rxh7 O-O-O $1 $36 {
[%cal Gd5d4,Gc6c5]}) 24... O-O-O 25. Rxh7 (25. dxc5 $2 d4 26. Ne4 Qxa4 27. b3
Qa2 $19) 25... Qc7 26. R7xh5 (26. dxc5 Qxc5 27. Rf4 {[%cal Gf4f7]} d4 28. Rxf7
Rxf7 29. Qxf7 Qc6 $1 $17 {[%cal Gc6c2]}) 26... Rg8 27. Qf6 (27. Qh7 $5 {
[%csl Rc2][%cal Gh7c2]}) 27... cxd4 28. Rxd4 Nc6 29. Rd2 (29. Rd1 $2 Rxg2 30.
Rdh1 d4 31. Ne4 Nb4 $17) 29... Rxg2 30. Rh8 Rdg8 31. Rxg8+ $6 {After this
inaccuracy white suddenly finds himself in troubles.Better was} (31. f4 $1 $11)
31... Rxg8 32. f4 Kb8 $1 $36 {Slightly exposed position of white king and lack
of coordination beween white pieces makes black's initiative very dangerous.}
33. Ne2 $6 (33. Nd1 $5) 33... Rc8 34. c3 Na5 35. Nd4 Nc4 36. Rd3 {[%csl Rc3]} (
36. Rh2 $2 Nxb2 $1 37. Rxb2 Qxc3+ 38. Rc2 Qa1+ $19) 36... Rg8 $17 37. b3 (37.
Rd1 Rg2 $17) 37... Qc5 $1 {[%csl Rc1]} 38. b4 (38. bxc4 Qa3+ 39. Kd1 Qa1+ 40.
Ke2 Rg2+ $19) 38... Qf8 $1 39. Rh3 Qe8 $1 40. b5 Qf8 $1 $19 41. Kd1 Qa3 42. Rg3
Qa1+ 43. Ke2 Qb2+ 44. Kf1 Qc1+ 45. Kg2 Ne3+ 0-1

[Event "FRA-ch Pool B"]
[Site "Vichy"]
[Date "2000.08.22"]
[Round "5"]
[White "Fressinet, Laurent"]
[Black "Vallin, Guillaume"]
[Result "1-0"]
[WhiteElo "2536"]
[BlackElo "2399"]
[Annotator "Finkel,A"]
[PlyCount "59"]
[EventDate "2000.08.15"]
[EventType "tourn"]
[EventRounds "7"]
[EventCountry "FRA"]
[EventCategory "11"]
[SourceTitle "CBM 079"]
[Source "ChessBase"]
[SourceDate "2000.11.21"]
[SourceVersion "1"]
[SourceVersionDate "2000.11.21"]
[SourceQuality "1"]

1. e4 e6 2. d4 d5 3. Nc3 Nf6 4. Bg5 Be7 5. e5 Nfd7 6. h4 Bxg5 7. hxg5 Qxg5 {
Ttheory does not approve of the acceptance of the pawn in this line, and with
good reason.} 8. Nh3 Qe7 9. Nf4 g6 10. Bd3 Qg5 {Returning here doesn't look
right, but Black is trying to prevent Bxg6 fxg, Nxg6 & Nxh8, which would ruin
his King side completely.} (10... Nf8 11. Qf3 Bd7 $2 (11... Qb4 12. O-O-O c6
13. Rhe1 Nbd7 14. Nh3 Qe7 15. Rh1 b6 16. g3 Bb7 $15 {Maestrini,E-Polster,W/Oz.
com qualifier blitz 2000}) 12. Ncxd5 $1 exd5 13. Nxd5 Bc6 14. Bb5 Qd8 15. Nf6+
Ke7 16. Qa3+ $18 {Kutzner,S-Mehlem,S/RL-op 1994}) (10... Nc6 $2 11. Bxg6 Nf8
12. Bh5 Qg5 13. g3 a6 14. Qd2 Bd7 15. O-O-O $16 {Blondelle,C-Weisz,J/Paris op
1993}) 11. Qd2 (11. Qf3 Nc6 12. Nb5 Kd8 13. Qe3 Qe7 14. a3 Nb6 15. b3 a6 16.
Nc3 Bd7 17. Bxg6 fxg6 18. Nxg6 $13 {Sluka,R-Babula,M/CZE-chT1c 9495}) 11... a6
{[#] White has a great lead in development, space advantage, the semi-open
h-file, but the question is: how to transform all these positional advantages
in something material?} 12. Bxg6 $1 fxg6 (12... Nxe5 13. Rh5 Nc4 (13... Nf3+
14. gxf3 Qg1+ 15. Ke2 Qxa1 16. Bxf7+ $1 Kxf7 17. Nfxd5 $1) 14. Rxg5 Nxd2 15.
Bd3 Nc4 16. Ncxd5 $1 exd5 17. Nxd5 Nb6 18. Nxc7+ Kf8 19. Nxa8 Nxa8 20. Kd2 $16
{Velimirovic,D-Stojanovic,M/JUG-ch Podgorica 1996}) 13. Nxe6 Qxd2+ (13... Qxg2
$2 14. O-O-O) 14. Kxd2 c6 $2 {This move doesn't leave black any chanses of
survival.Better was} (14... Ra7 15. Nxc7+ Kd8 16. N7xd5 Nc6 17. Ke3 b5 18. Ne4
Nf8 19. c3 $14) 15. Nc7+ Kd8 16. Nxa8 $18 b5 $8 {[%cal Gc8b7] Trying to catch
white knight on a8.} (16... b6 17. e6 Nf6 18. Nxb6 Bxe6 19. Rhe1 $18) 17. a4 b4
18. Ne2 a5 (18... Bb7 19. e6 Nf8 20. Nb6 a5 21. Nf4 g5 22. Rae1 $1 $18 {
[%cal Ge6e7]}) 19. Nf4 Nf8 20. Nb6 Bf5 21. Rae1 Ne6 (21... Be6 22. c4 $1 dxc4 (
22... bxc3+ 23. bxc3 $18 {[%cal Ge1b1]}) 23. Nxe6+ Nxe6 24. Nxc4 $18) 22. g4 $5
Bxg4 (22... Nxf4 23. gxf5 Kc7 24. Na8+ Kb7 25. Reg1 gxf5 26. Rh6 $1 {[%csl Rf4]
} Kxa8 27. Ke3 Ng6 28. Rgxg6 $18 {[%cal Gh6h8]}) 23. Reg1 Nxf4 24. Rxg4 Nh5 25.
Rxh5 $5 {The quickest way to finish the game.} gxh5 26. Rg7 {[%csl Rb8,Rd8]
[%cal Ge5e7]} h4 27. Rb7 Na6 28. e6 h3 29. Rd7+ Ke8 30. Nc8 1-0

[Event "Olympiad-34"]
[Site "Istanbul"]
[Date "2000.11.12"]
[Round "14.3"]
[White "Sadvakasov, Darmen"]
[Black "Bagirov, Rufat"]
[Result "1-0"]
[WhiteElo "2509"]
[BlackElo "2471"]
[Annotator "Finkel,A"]
[PlyCount "77"]
[EventDate "2000.10.28"]
[EventType "team-swiss"]
[EventRounds "14"]
[EventCountry "TUR"]
[SourceTitle "EXT 2001"]
[Source "ChessBase"]
[SourceDate "2000.11.22"]
[SourceVersion "1"]
[SourceVersionDate "2000.11.22"]
[SourceQuality "1"]
[WhiteTeam "Kazakhstan"]
[BlackTeam "Azerbaijan"]
[WhiteTeamCountry "KAZ"]
[BlackTeamCountry "AZE"]

1. e4 e6 2. d4 d5 3. Nc3 Nf6 4. Bg5 Be7 5. e5 Nfd7 6. Bxe7 Qxe7 7. f4 O-O 8.
Qd2 c5 9. Nf3 Nc6 10. dxc5 f6 {This variation leads to slightly passive,but
very solid position for black.} 11. exf6 Qxf6 12. g3 Nxc5 13. O-O-O Rd8 14. Qf2
(14. Bg2 Ne4 15. Qe3 Nxc3 16. Qxc3 Qxc3 17. bxc3 Bd7 18. Rhe1 h6 19. Ne5 $14 {
Voitsekhovsky,S-Volkov,S/RUS-Cup8 1997}) (14. Bd3 Bd7 15. Kb1 (15. Rhe1 Rac8
16. Kb1 Be8 17. Ne5 (17. Qf2 Nxd3 18. Rxd3 Bg6 19. Rd2 Na5 20. Qd4 Nc4 $132 {
Gallagher,J-Weinzettl,E/zt 1.2 2000}) 17... Nxe5 18. Rxe5 Nd7 19. Ree1 Bh5 (
19... Bf7 20. g4 Qh4 21. Nb5 Nc5 22. Qe2 a6 23. Nd4 Re8 24. Qf3 Kh8 $132 {
Markidis,K-Bagirov,R/Eu-Youth Boys-u20 1999}) 20. Be2 Bg6 21. Bg4 Rc6 22. Qd4
Qxd4 23. Rxd4 Kf7 $11 {Mukhaev,A-Gleizerov,E/RUS-Cup07 1998}) 15... Be8 16. Qf2
$6 Nxd3 17. cxd3 e5 18. Qd2 Bh5 $15 {Karlsson,T-Gleizerov,E/Rilton Cup 1998}) (
14. Qe1 Bd7 15. Bb5 Rac8 16. Bxc6 Bxc6 17. Nd4 Be8 18. Qe5 Qxe5 19. fxe5 Kf7
$11 {Socko,B-Gleizerov,E/Rilton Cup 2000}) 14... d4 $2 {Miscalculation leading
to desicive advantage of white.} (14... b6 15. Bg2 Bd7 16. Rhe1 Rac8 17. Ne5
Nxe5 18. Rxe5 Kh8 19. Qe3 Be8 20. Kb1 $14 {Goloshchapov,A-Vysochin,S/zt 1.9
2000}) 15. Nb5 {[%csl Rd4]} e5 16. Ng5 $1 {This strong attacking move was
overlooked by black.} (16. fxe5 $2 Nxe5 17. Nbxd4 Nxf3 $1 (17... Bg4 18. Bg2
Rxd4 19. Qxd4 Bxf3 20. Bxf3 Qg5+ $1 21. Kb1 Nxf3 22. Qc4+ Kh8 23. Rd5 b6 $1 $13
) 18. Bc4+ Be6 19. Bxe6+ Nxe6 20. Nxe6 Qxe6 21. Qxf3 Qxa2 $11) 16... Bf5 (16...
Be6 17. Nc7 Bxa2 18. Nxa8 Rxa8 19. Bg2 $16) 17. Bc4+ Kf8 18. g4 $1 {The last
touch.Now the material losses are inevitable for black.} Bg6 (18... Ne4 19.
Nxe4 Bxe4 20. Rhe1 Bg6 21. Nc7 $18 {[%cal Gc7e6,Gc7a8]}) (18... exf4 19. Qxf4
Bxc2 20. Rdf1 $1 $18 {[%cal Gf1f8]}) (18... Bxg4 $4 19. Nxh7+ $18) (18... h6 $5
) 19. Nc7 $1 $18 Rac8 20. Nge6+ Nxe6 21. Nxe6+ Ke7 22. f5 $1 (22. Nxd8 Nxd8 23.
Bb3 Ne6 24. f5 Nf4 25. Kb1 $18) 22... Rd6 23. Nc5 $1 {[%cal Gc5e4]} Bxf5 $8 (
23... Nb4 24. Ne4 Qf8 (24... Rxc4 25. Nxf6 Rxc2+ 26. Qxc2 Nxc2 27. Kxc2 $18)
25. Bb3 Rf6 26. Qg3 $18) 24. gxf5 Nb4 25. Ne4 Qh6+ 26. Kb1 Rxc4 27. Nxd6 Qxd6
28. c3 Nc6 29. Rhe1 Kf8 30. Qe2 $1 Rc5 31. Qh5 Rb5 (31... Kg8 32. cxd4 Nxd4 33.
Rxd4 $1 $18) 32. Qxh7 Qa3 33. Qh8+ Kf7 34. Qh5+ Kf8 35. Qh8+ Kf7 36. Qh5+ Kf8
37. Qe2 Rb6 38. cxd4 Na5 (38... Nxd4 39. Rxd4 exd4 40. Qe8#) 39. Rc1 1-0